[Event "GER-ch50 final email"]
[Site "GER email"]
[Date "2020.04.12"]
[Round "?"]
[White "Hanel, Roland"]
[Black "Rio, Roland Del"]
[Result "0-1"]
[WhiteElo "2382"]
[BlackElo "2447"]
[PlyCount "160"]
[EventDate "2020.??.??"]
[EventType "tourn (corr)"]
[EventRounds "14"]
[EventCountry "GER"]
[SourceTitle "Corr 2022"]
[Source "ChessBase"]
[SourceDate "2021.10.24"]
[SourceVersion "1"]
[SourceVersionDate "2021.10.24"]
[SourceQuality "1"]

1. e4 e5 2. Nf3 Nc6 3. Bb5 a6 4. Ba4 Nf6 5. 0-0 Be7 6. Re1 b5 7. Bb3 0-0 8. a4 b4 9. d3 d6 10. Nbd2 Na5 11. Ba2 c5 12. Nc4 Nc6 13. h3 Rb8 14. Ne3 Be6 15. Bc4 Qc8 16. Nd2 Na5 17. Qf3 Bd8 18. Ndf1 Kh8 19. Ng3 g6 20. b3 Nc6 21. Ne2 a5 22. Kh1 Be7 23. Rf1 Qd8 24. Kg1 Kg7 25. Bb2 Nd7 26. Nd5 Nd4 27. Nxd4 cxd4 28. Qe2 Rc8 29. Ba6 Rc6 30. Bc4 Rc5 31. Nxe7 Qxe7 32. f4 f6 33. Bb5 Rfc8 34. Rac1 Nb6 35. Ba6 Ra8 36. Bb5 Bd7 37. Bc4 Rcc8 38. Rf2 Nxc4 39. dxc4 Rh8 40. Rcf1 Raf8 41. Bc1 h6 42. h4 Bc6 43. f5 g5 44. g4 Rfg8 45. Rh2 Kf8 46. h5 Kg7 47. Qd3 Rc8 48. Re2 Bb7 49. Bb2 Rc5 50. Qd1 Ba6 51. Rd2 Rhc8 52. Rff2 Qa7 53. Kh2 Qb7 54. Rde2 Kf8 55. Re1 Qd7 56. Qa1 Bxc4 57. bxc4 Rxc4 58. Ree2 R8c5 59. Rg2 d5 60. exd5 Qxd5 61. Qa2 e4 62. Qb3 Rc7 63. Re1 e3 64. Qd3 Re7 65. Rg3 Re5 66. Kh3 Kf7 67. Ba1 Qc6 68. Rg2 Re4 69. Bb2 Ke7 70. Ree2 Kd6 71. Rg3 Kc7 72. Rgg2 Qd5 73. Re1 Kc6 74. Rd1 Rf4 75. Kh2 Kb6 76. Bc1 Rc3 77. Qe2 Qc4 78. Bb2 Qxe2 79. Rxe2 Rc4 80. Kg3 Kc6 0-1

[Event "GER-ch50 final email"]
[Site "GER email"]
[Date "2020.04.12"]
[Round "?"]
[White "Schoenbeck, Hilmar"]
[Black "Hanel, Roland"]
[Result "1/2-1/2"]
[WhiteElo "2289"]
[BlackElo "2382"]
[PlyCount "82"]
[EventDate "2020.??.??"]
[EventType "tourn (corr)"]
[EventRounds "14"]
[EventCountry "GER"]
[SourceTitle "Corr 2022"]
[Source "ChessBase"]
[SourceDate "2021.10.24"]
[SourceVersion "1"]
[SourceVersionDate "2021.10.24"]
[SourceQuality "1"]

1. e4 c5 2. Nf3 Nc6 3. d4 cxd4 4. Nxd4 Nf6 5. Nc3 e5 6. Ndb5 d6 7. Nd5 Nxd5 8. exd5 Nb8 9. c4 Be7 10. Bd3 0-0 11. 0-0 a6 12. Nc3 f5 13. f3 Nd7 14. Be3 Bg5 15. Bf2 b6 16. b4 Qf6 17. Qc2 a5 18. bxa5 Rxa5 19. Rab1 Bf4 20. Ne2 Bh6 21. a4 g6 22. Nc3 Qd8 23. Qe2 Nc5 24. Bc2 Ra7 25. Rb4 Rff7 26. Rfb1 Ra6 27. Qe1 Rf8 28. Kh1 Bf4 29. Bh4 Bg5 30. Bf2 Bf4 31. Bh4 Bg5 32. Bf2 Re8 33. Nb5 Qd7 34. Bh4 Bxh4 35. Qxh4 Rf8 36. f4 Qd8 37. Qxd8 Rxd8 38. g3 exf4 39. gxf4 Bd7 40. Nxd6 Bxa4 41. Bxa4 Nxa4 1/2-1/2

[Event "GER-ch49 final email"]
[Site "GER email"]
[Date "2019.02.19"]
[Round "?"]
[White "Hanel, Roland"]
[Black "Boos, Markus"]
[Result "1/2-1/2"]
[WhiteElo "2344"]
[BlackElo "2419"]
[PlyCount "89"]
[EventDate "2019.??.??"]
[EventType "tourn (corr)"]
[EventRounds "14"]
[EventCountry "GER"]
[SourceTitle "Corr 2022"]
[Source "ChessBase"]
[SourceDate "2021.10.24"]
[SourceVersion "1"]
[SourceVersionDate "2021.10.24"]
[SourceQuality "1"]

1. e4 e5 2. Nf3 Nc6 3. Bb5 Nf6 4. d3 Bc5 5. c3 0-0 6. 0-0 d6 7. Nbd2 a6 8. Bxc6 bxc6 9. d4 exd4 10. cxd4 Bb6 11. Qc2 Re8 12. Re1 c5 13. d5 Bg4 14. b3 Ba5 15. Re3 Bxf3 16. Nxf3 Qe7 17. Bd2 Bxd2 18. Nxd2 Ng4 19. Ree1 Qf6 20. Nc4 a5 21. Rac1 a4 22. bxa4 h5 23. h3 Ne5 24. Na3 Qg5 25. Re3 Ng6 26. Rg3 Qe7 27. Re1 h4 28. Rf3 Ne5 29. Rfe3 Qg5 30. Nb5 Re7 31. Kh2 Ng6 32. Rg1 Qe5+ 33. Kh1 Nf4 34. Rb1 Qg5 35. Rg1 Qe5 36. Qb3 Ng6 37. Rb1 Nf4 38. Nc3 Qg5 39. Rg1 Ree8 40. Qd1 Reb8 41. Nb5 Rb7 42. Qc2 Qe5 43. Qb3 Qg5 44. Qc4 Qe5 45. Qc2 1/2-1/2

[Event "GER-ch49 final email"]
[Site "GER email"]
[Date "2019.02.19"]
[Round "?"]
[White "Hanel, Roland"]
[Black "Hirr, Rudi"]
[Result "1/2-1/2"]
[WhiteElo "2344"]
[BlackElo "2427"]
[PlyCount "40"]
[EventDate "2019.??.??"]
[EventType "tourn (corr)"]
[EventRounds "14"]
[EventCountry "GER"]
[SourceTitle "Corr 2020"]
[Source "ChessBase"]
[SourceDate "2019.09.30"]
[SourceVersion "1"]
[SourceVersionDate "2019.09.30"]
[SourceQuality "1"]

1. e4 e5 2. Nf3 Nc6 3. Bb5 Nf6 4. d3 Bc5 5. c3 0-0 6. 0-0 d6 7. Nbd2 a6 8. Ba4 b5 9. Bc2 h6 10. h3 Bb6 11. Re1 Re8 12. Nf1 d5 13. exd5 Qxd5 14. Ng3 Be6 15. Be3 Bxe3 16. fxe3 Qd6 17. Qe2 b4 18. e4 bxc3 19. bxc3 Rab8 20. Ba4 Bd7 1/2-1/2

[Event "GER-ch49 final email"]
[Site "GER email"]
[Date "2019.02.19"]
[Round "?"]
[White "Hesse, Olaf"]
[Black "Hanel, Roland"]
[Result "1/2-1/2"]
[WhiteElo "2462"]
[BlackElo "2344"]
[PlyCount "75"]
[EventDate "2019.??.??"]
[EventType "tourn (corr)"]
[EventRounds "14"]
[EventCountry "GER"]
[SourceTitle "Corr 2022"]
[Source "ChessBase"]
[SourceDate "2021.10.24"]
[SourceVersion "1"]
[SourceVersionDate "2021.10.24"]
[SourceQuality "1"]

1. e4 c5 2. Nc3 Nc6 3. Nge2 Nf6 4. d4 cxd4 5. Nxd4 e5 6. Ndb5 d6 7. Nd5 Nxd5 8. exd5 Nb8 9. a4 Be7 10. Be2 0-0 11. 0-0 Nd7 12. Kh1 f5 13. f4 a6 14. Na3 Qc7 15. Nc4 b6 16. Ra3 Bf6 17. Be3 e4 18. a5 b5 19. Nb6 Rb8 20. c4 Nxb6 21. axb6 Rxb6 22. Bxb6 Qxb6 23. cxb5 axb5 24. Qd2 Bd7 25. b4 Rc8 26. Qa2 Qd8 27. Rd1 Be8 28. Ra7 h5 29. g3 Kh7 30. Kg2 Qb6 31. Kf1 Qe3 32. Ra3 Rc2 33. Rxe3 Rxa2 34. h4 g6 35. Rc1 Bd4 36. Rb3 Kh6 37. Rd1 Bg7 38. Rc1 1/2-1/2

[Event "GER-ch49 final email"]
[Site "GER email"]
[Date "2019.02.19"]
[Round "?"]
[White "Hild, Harald"]
[Black "Hanel, Roland"]
[Result "1/2-1/2"]
[WhiteElo "2380"]
[BlackElo "2344"]
[PlyCount "75"]
[EventDate "2019.??.??"]
[EventType "tourn (corr)"]
[EventRounds "14"]
[EventCountry "GER"]
[SourceTitle "Corr 2022"]
[Source "ChessBase"]
[SourceDate "2021.10.24"]
[SourceVersion "1"]
[SourceVersionDate "2021.10.24"]
[SourceQuality "1"]

1. e4 c5 2. Nc3 Nc6 3. Nf3 e5 4. Bc4 g6 5. d3 h6 6. Ng1 d6 7. f4 Qh4+ 8. g3 Qd8 9. Nf3 Bh3 10. Be3 Nf6 11. Qd2 Bg7 12. 0-0-0 Rc8 13. fxe5 Nxe5 14. Nxe5 dxe5 15. g4 Nxg4 16. Rdg1 Nxe3 17. Qxe3 Bd7 18. h4 h5 19. Qf2 Rf8 20. Rf1 Qe7 21. a4 a6 22. a5 Be6 23. Kb1 Bg4 24. Nd5 Qd6 25. Nb6 Rc7 26. Bd5 f5 27. Qg1 f4 28. Rh2 Bf6 29. Rg2 Rh8 30. Nc4 Qe7 31. Rxg4 hxg4 32. Qxg4 Rxh4 33. Qxg6+ Kd8 34. Nb6 Qf8 35. Ka2 Rh6 36. Qg4 Qg7 37. Qd1 Qf8 38. Qg4 1/2-1/2

[Event "GER-ch48 final email"]
[Site "GER email"]
[Date "2018.09.24"]
[Round "?"]
[White "Hanel, Roland"]
[Black "Tauber, Hans"]
[Result "1-0"]
[WhiteElo "2348"]
[BlackElo "2511"]
[PlyCount "87"]
[EventDate "2018.??.??"]
[EventType "tourn (corr)"]
[EventRounds "14"]
[EventCountry "GER"]
[SourceTitle "Corr 2022"]
[Source "ChessBase"]
[SourceDate "2021.10.24"]
[SourceVersion "1"]
[SourceVersionDate "2021.10.24"]
[SourceQuality "1"]

1. e4 e6 2. d4 d5 3. Nc3 Bb4 4. e5 c5 5. a3 Bxc3+ 6. bxc3 Qa5 7. Bd2 Qa4 8. h4 Nc6 9. h5 h6 10. Nf3 Nge7 11. Rh4 c4 12. Rf4 Bd7 13. g3 Nf5 14. Bh3 Rf8 15. g4 Nfe7 16. g5 0-0-0 17. Be3 Ng8 18. Kd2 Rde8 19. Rg4 Qa5 20. a4 Qc7 21. Ke2 Nge7 22. Qd2 Nf5 23. gxh6 gxh6 24. a5 Rh8 25. Bf4 Nce7 26. Rgg1 Rh7 27. Nh2 Ng7 28. Bg4 Reh8 29. Rh1 Ngf5 30. Bxf5 Nxf5 31. Ng4 Rg7 32. Nf6 Qd8 33. Rh3 a6 34. Rg3 Be8 35. Kf1 Bb5 36. Kg2 Qf8 37. Kh3 Ne7 38. Rag1 Rxg3+ 39. fxg3 Kb8 40. Be3 Nf5 41. g4 Ne7 42. Qc1 Nc8 43. g5 hxg5 44. Bxg5 1-0

[Event "GER-ch49 V02 email"]
[Site "GER email"]
[Date "2017.04.03"]
[Round "?"]
[White "Hanel, Roland"]
[Black "Loeffler, Werner"]
[Result "1/2-1/2"]
[WhiteElo "2351"]
[BlackElo "2365"]
[PlyCount "41"]
[EventDate "2017.??.??"]
[EventType "tourn (corr)"]
[EventRounds "10"]
[EventCountry "GER"]
[SourceTitle "Corr 2020"]
[Source "ChessBase"]
[SourceDate "2019.09.30"]
[SourceVersion "1"]
[SourceVersionDate "2019.09.30"]
[SourceQuality "1"]

1. d4 Nf6 2. Bg5 d5 3. Nd2 c5 4. e3 cxd4 5. exd4 Qb6 6. Ngf3 Nc6 7. Be2 Nxd4 8. Nxd4 Qxd4 9. 0-0 Bd7 10. c3 Qa4 11. c4 Qxd1 12. Rfxd1 h6 13. Bxf6 exf6 14. cxd5 0-0-0 15. Nc4 Bc5 16. Bf3 Bb5 17. Rac1 Kb8 18. Ne3 Bb4 19. g3 g6 20. b3 Bd6 21. a4 1/2-1/2

[Event "GER-ch49 V02 email"]
[Site "GER email"]
[Date "2017.04.03"]
[Round "?"]
[White "Mehlhorn, Uwe"]
[Black "Hanel, Roland"]
[Result "1/2-1/2"]
[WhiteElo "2355"]
[BlackElo "2351"]
[PlyCount "31"]
[EventDate "2017.??.??"]
[EventType "tourn (corr)"]
[EventRounds "10"]
[EventCountry "GER"]
[SourceTitle "Corr 2020"]
[Source "ChessBase"]
[SourceDate "2019.09.30"]
[SourceVersion "1"]
[SourceVersionDate "2019.09.30"]
[SourceQuality "1"]

1. Nf3 c5 2. c4 Nc6 3. Nc3 Nf6 4. g3 d5 5. d4 e6 6. cxd5 Nxd5 7. Bg2 cxd4 8. Nxd4 Nxc3 9. bxc3 Nxd4 10. Qxd4 Qxd4 11. cxd4 Bd6 12. a4 Ke7 13. 0-0 Rb8 14. e4 Bd7 15. Be3 b6 16. a5 1/2-1/2

[Event "GER-ch48 sf02 email"]
[Site "GER email"]
[Date "2016.07.03"]
[Round "?"]
[White "Hanel, Roland"]
[Black "Milde, Lars"]
[Result "1/2-1/2"]
[WhiteElo "2338"]
[BlackElo "2303"]
[PlyCount "94"]
[EventDate "2016.??.??"]
[EventType "tourn (corr)"]
[EventRounds "12"]
[EventCountry "GER"]
[SourceTitle "Corr 2017"]
[Source "ChessBase"]
[SourceDate "2017.09.19"]
[SourceVersion "1"]
[SourceVersionDate "2017.09.19"]
[SourceQuality "1"]

1. e4 c5 2. Nf3 d6 3. d4 cxd4 4. Nxd4 Nf6 5. Nc3 a6 6. Bg5 e6 7. f4 h6 8. Bh4 Qb6 9. Qd2 Qxb2 10. Rb1 Qa3 11. e5 dxe5 12. fxe5 g5 13. exf6 gxh4 14. Be2 Nd7 15. 0-0 Qa5 16. Rbd1 h3 17. g3 Ne5 18. Nf3 Nc6 19. Ne4 Qxd2 20. Rxd2 Bd7 21. Rfd1 0-0-0 22. Bf1 Kc7 23. Bxh3 Ba3 24. Kf2 Bc8 25. Bf1 Rd5 26. Rxd5 exd5 27. Rxd5 Re8 28. Rd3 Bf8 29. Nfd2 Re5 30. Bg2 Bf5 31. Re3 Ra5 32. Nc3 Bc5 33. Bxc6 Kxc6 34. Nc4 Bxe3+ 35. Kxe3 Rc5 36. Kd4 b6 37. Ne5+ Kd6 38. Nxf7+ Ke6 39. Nxh6 Bxc2 40. f7 Rc8 41. Nd5 Bb1 42. Nxb6 Rd8+ 43. Kc5 Bxa2 44. g4 Ke7 45. h4 Bxf7 46. Nxf7 Kxf7 47. Kb4 Rd1 1/2-1/2

[Event "GER-ch48 sf02 email"]
[Site "GER email"]
[Date "2016.07.03"]
[Round "?"]
[White "Jankowiak, Andreas"]
[Black "Hanel, Roland"]
[Result "1/2-1/2"]
[WhiteElo "2336"]
[BlackElo "2338"]
[PlyCount "82"]
[EventDate "2016.??.??"]
[EventType "tourn (corr)"]
[EventRounds "12"]
[EventCountry "GER"]
[SourceTitle "Corr 2017"]
[Source "ChessBase"]
[SourceDate "2017.09.19"]
[SourceVersion "1"]
[SourceVersionDate "2017.09.19"]
[SourceQuality "1"]

1. d4 f5 2. g3 Nf6 3. Bg2 g6 4. Nf3 Bg7 5. 0-0 0-0 6. c4 d6 7. Nc3 Qe8 8. d5 a5 9. Be3 Na6 10. Qd2 Ng4 11. Bd4 Bh6 12. Ng5 c5 13. dxc6 bxc6 14. h3 Nf6 15. Rad1 Bg7 16. Rfe1 e5 17. Be3 e4 18. h4 Ng4 19. Bd4 Rb8 20. f3 e3 21. Qc1 Bxd4 22. Rxd4 Qe5 23. Rxg4 fxg4 24. f4 Qe7 25. Bxc6 Bf5 26. Nd5 Qg7 27. Qxe3 Kh8 28. Ne7 Bc2 29. Rc1 Rxb2 30. Bd5 Nc7 31. h5 gxh5 32. Nf7+ Rxf7 33. Bxf7 Qxf7 34. c5 dxc5 35. Qe5+ Qg7 36. Qxc7 Qd4+ 37. Kf1 Be4 38. Qc8+ Kg7 39. Nf5+ Bxf5 40. Qxf5 Rxa2 41. Qg5+ Kf8 1/2-1/2

[Event "GER-ch48 sf02 email"]
[Site "GER email"]
[Date "2016.07.03"]
[Round "?"]
[White "Krebs, Juergen"]
[Black "Hanel, Roland"]
[Result "0-1"]
[WhiteElo "2287"]
[BlackElo "2338"]
[PlyCount "58"]
[EventDate "2016.??.??"]
[EventType "tourn (corr)"]
[EventRounds "12"]
[EventCountry "GER"]
[SourceTitle "Corr 2017"]
[Source "ChessBase"]
[SourceDate "2017.09.19"]
[SourceVersion "1"]
[SourceVersionDate "2017.09.19"]
[SourceQuality "1"]

1. e4 c5 2. Nf3 d6 3. d4 cxd4 4. Nxd4 Nf6 5. Nc3 a6 6. h3 e5 7. Nde2 h5 8. g3 Nbd7 9. Bg2 b5 10. Nd5 Nxd5 11. Qxd5 Qc7 12. Be3 Bb7 13. Qd2 Rc8 14. 0-0-0 b4 15. Kb1 Be7 16. Rhe1 a5 17. c3 Qb8 18. Ka1 Ba6 19. g4 h4 20. cxb4 axb4 21. Nc1 Qa8 22. f4 0-0 23. f5 Rc6 24. Bf3 Rfc8 25. Qxb4 Bc4 26. Qd2 Bd8 27. Qf2 Ba5 28. Bd2 Bb6 29. Be3 Nc5 0-1

[Event "GER-ch48 sf02 email"]
[Site "GER email"]
[Date "2016.07.03"]
[Round "?"]
[White "Noeth, Dieter"]
[Black "Hanel, Roland"]
[Result "1/2-1/2"]
[WhiteElo "2357"]
[BlackElo "2338"]
[PlyCount "49"]
[EventDate "2016.??.??"]
[EventType "tourn (corr)"]
[EventRounds "12"]
[EventCountry "GER"]
[SourceTitle "Corr 2017"]
[Source "ChessBase"]
[SourceDate "2017.09.19"]
[SourceVersion "1"]
[SourceVersionDate "2017.09.19"]
[SourceQuality "1"]

1. d4 Nf6 2. Bg5 d5 3. Nd2 c5 4. e3 cxd4 5. exd4 Bf5 6. c3 Nc6 7. Qf3 e6 8. Bd3 Bxd3 9. Qxd3 Qb6 10. Rb1 Bd6 11. Bxf6 gxf6 12. Ngf3 0-0-0 13. 0-0 Kb8 14. b4 h5 15. b5 Na5 16. c4 dxc4 17. Nxc4 Nxc4 18. Qxc4 Rc8 19. Qe2 Rc3 20. Rfc1 Qc7 21. Rxc3 Qxc3 22. Rd1 Rc8 23. Nh4 Qc4 24. Qxh5 Qxa2 25. Qxf7 1/2-1/2

[Event "GER-ch48 sf02 email"]
[Site "GER email"]
[Date "2016.07.03"]
[Round "?"]
[White "Utesch, Wolfgang"]
[Black "Hanel, Roland"]
[Result "1/2-1/2"]
[WhiteElo "2470"]
[BlackElo "2338"]
[PlyCount "56"]
[EventDate "2016.??.??"]
[EventType "tourn (corr)"]
[EventRounds "12"]
[EventCountry "GER"]
[SourceTitle "Corr 2017"]
[Source "ChessBase"]
[SourceDate "2017.09.19"]
[SourceVersion "1"]
[SourceVersionDate "2017.09.19"]
[SourceQuality "1"]

1. d4 Nf6 2. c4 e6 3. g3 d5 4. Nf3 dxc4 5. Bg2 a6 6. 0-0 Nc6 7. e3 Bd7 8. Qe2 Bd6 9. Nc3 0-0 10. Qxc4 b5 11. Qd3 e5 12. a3 Rc8 13. b4 Re8 14. Nd2 exd4 15. exd4 Ne7 16. Nde4 Nxe4 17. Nxe4 Bf5 18. Qf3 Qd7 19. Nc5 Bxc5 20. dxc5 c6 21. Bb2 Bh3 22. Bxh3 Qxh3 23. Rad1 Nd5 24. Rfe1 Ra8 25. Re4 Rxe4 26. Qxe4 Qe6 27. Qxe6 fxe6 28. h4 a5 1/2-1/2

[Event "GER-ch45 final email"]
[Site "GER email"]
[Date "2015.10.19"]
[Round "?"]
[White "Bissmann, Stefan"]
[Black "Hanel, Roland"]
[Result "1/2-1/2"]
[WhiteElo "2390"]
[BlackElo "2309"]
[PlyCount "49"]
[EventDate "2015.??.??"]
[EventType "tourn (corr)"]
[EventRounds "10"]
[EventCountry "GER"]
[SourceTitle "Corr 2017"]
[Source "ChessBase"]
[SourceDate "2017.09.19"]
[SourceVersion "1"]
[SourceVersionDate "2017.09.19"]
[SourceQuality "1"]

1. e4 c5 2. Nf3 d6 3. Nc3 Nf6 4. d4 cxd4 5. Nxd4 a6 6. h3 e5 7. Nde2 h5 8. Bg5 Be6 9. Bxf6 Qxf6 10. Nd5 Qd8 11. Nec3 g6 12. Bc4 Bh6 13. 0-0 Nc6 14. Bb3 0-0 15. Qd3 Rc8 16. Rad1 Nd4 17. Ne3 Kg7 18. Bxe6 fxe6 19. Nb1 Bxe3 20. fxe3 Rxf1+ 21. Kxf1 Nxc2 22. Nc3 b5 23. Rd2 Nb4 24. Qxd6 Nc6 25. Qxd8 1/2-1/2

[Event "GER-ch45 final email"]
[Site "GER email"]
[Date "2015.10.19"]
[Round "?"]
[White "Hanel, Roland"]
[Black "Amann, Hubert"]
[Result "1/2-1/2"]
[WhiteElo "2309"]
[BlackElo "2408"]
[PlyCount "50"]
[EventDate "2015.??.??"]
[EventType "tourn (corr)"]
[EventRounds "10"]
[EventCountry "GER"]
[SourceTitle "Corr 2017"]
[Source "ChessBase"]
[SourceDate "2017.09.19"]
[SourceVersion "1"]
[SourceVersionDate "2017.09.19"]
[SourceQuality "1"]

1. d4 d5 2. c4 c6 3. Nf3 Nf6 4. Nc3 e6 5. e3 Nbd7 6. Qc2 Bd6 7. Bd3 0-0 8. 0-0 dxc4 9. Bxc4 b5 10. Bd3 Bb7 11. h3 Rc8 12. Ng5 h6 13. Nge4 Be7 14. Nxf6+ Nxf6 15. Rd1 Qb6 16. Qe2 Rfd8 17. b3 a6 18. a4 Qc7 19. Bb2 b4 20. Ne4 Nxe4 21. Bxe4 c5 22. Bxb7 Qxb7 23. dxc5 Bxc5 24. Rac1 Rxd1+ 25. Rxd1 Bf8 1/2-1/2

[Event "GER-ch45 final email"]
[Site "GER email"]
[Date "2015.10.19"]
[Round "?"]
[White "Kloster, Josef"]
[Black "Hanel, Roland"]
[Result "1/2-1/2"]
[WhiteElo "2440"]
[BlackElo "2309"]
[PlyCount "53"]
[EventDate "2015.??.??"]
[EventType "tourn (corr)"]
[EventRounds "10"]
[EventCountry "GER"]
[SourceTitle "Corr 2017"]
[Source "ChessBase"]
[SourceDate "2017.09.19"]
[SourceVersion "1"]
[SourceVersionDate "2017.09.19"]
[SourceQuality "1"]

1. e4 c5 2. Nf3 d6 3. d4 cxd4 4. Nxd4 Nf6 5. Nc3 a6 6. h3 e5 7. Nde2 h5 8. g3 Nbd7 9. Bg5 Be7 10. a4 Nc5 11. Bg2 Be6 12. a5 b5 13. axb6 Qxb6 14. 0-0 a5 15. b3 0-0 16. h4 Rfc8 17. Nd5 Bxd5 18. Bxf6 Bxf6 19. Qxd5 Qb4 20. Rfd1 Be7 21. Rdb1 Rab8 22. Ra2 Bd8 23. Bh3 Rc7 24. Bf5 Qb5 25. Nc3 Qb4 26. Ne2 Qb5 27. Nc3 1/2-1/2

[Event "GER CM01-A email"]
[Site "GER email"]
[Date "2014.09.25"]
[Round "?"]
[White "Belchev, Branimir Petrov"]
[Black "Hanel, Roland"]
[Result "0-1"]
[WhiteElo "2320"]
[BlackElo "2282"]
[PlyCount "132"]
[EventDate "2014.??.??"]
[EventType "tourn (corr)"]
[EventRounds "12"]
[EventCountry "GER"]
[SourceTitle "Corr 2017"]
[Source "ChessBase"]
[SourceDate "2017.09.19"]
[SourceVersion "1"]
[SourceVersionDate "2017.09.19"]
[SourceQuality "1"]

1. c4 e5 2. Nc3 Nf6 3. Nf3 Nc6 4. g3 d5 5. cxd5 Nxd5 6. Bg2 Nb6 7. 0-0 Be7 8. d3 0-0 9. Be3 Be6 10. a3 f6 11. Rc1 Qd7 12. Re1 Rfd8 13. Ne4 Nd5 14. Qc2 Rac8 15. Bd2 a5 16. Nc3 Nxc3 17. Bxc3 b6 18. h4 Bf8 19. Qa4 Ne7 20. Qxd7 Rxd7 21. Nd2 Kf7 22. Nf3 Rcd8 23. Bxe5 fxe5 24. Nxe5+ Kf6 25. Nxd7+ Rxd7 26. h5 g5 27. hxg6 hxg6 28. Be4 c5 29. e3 Bg7 30. f4 Kf7 31. Rc2 Nd5 32. Rd2 Nf6 33. Bc6 Rd8 34. Kf2 Ng4+ 35. Ke2 Bf6 36. Rh1 Kg7 37. Be4 Bd7 38. Rc1 Re8 39. Rh1 Bd8 40. Rc1 a4 41. Rcc2 Bc7 42. Rc3 g5 43. Rc1 Nf6 44. Kf3 Nxe4 45. dxe4 Bc6 46. Rc4 Re6 47. Kf2 g4 48. Rd5 Bxd5 49. exd5 Rd6 50. Rxa4 Rxd5 51. e4 Rd3 52. Ra7 Rd7 53. Ra8 c4 54. e5 b5 55. Ke3 Bb6+ 56. Ke4 Bd4 57. a4 b4 58. e6 Ra7 59. Rb8 Bc5 60. Rc8 Ra5 61. f5 c3 62. bxc3 bxc3 63. Kd3 Kf6 64. Rc7 Be7 65. Rc4 Kxf5 66. Rf4+ Kg5 0-1